Ultimate hungarian football teams - Statistics

General Stats
  • This quiz has been taken 34 times
  • The average score is 53 of 78
Answer Stats
Picture Answer % Correct
Ferencvárosi Tc
96%
Győri ETO Fc
96%
Debreceni Vsc
92%
Diosgyőri Vtk
92%
Kecskeméti Te
92%
Kispest Honvéd Fc
92%
MTK
92%
Paksi Fc
92%
Puskás Akadémia Fc
92%
Szentlőrinc Se
92%
Szombathelyi Haladás Vse
92%
Újpest Fc
92%
Ajka Fc
88%
Békéscsaba Előre Fc
88%
Bvsc Zugló
88%
Csákvár Aqvital Fc
88%
Dorogi Fc
88%
Fehérvár Fc
88%
Gyirmót Fc Győr
88%
Kisvárda Fc
88%
Mezőkövesd Zsóry Fc
88%
Nyíregyházi Spartacus Fc
88%
Tatabánya Sc
88%
Vasas Fc
88%
Budafoki Mte
83%
Budaörsi Sc
83%
Deac
83%
Kaposvári Rákóczi Fc
83%
Kazincbarcika Sc
83%
Pécsi Mfc
83%
Soroksár Sc
83%
Zalaegerszegi Te
83%
Bfc Siófok
79%
Eger Se
79%
ESMTK
79%
Kozármisleny Fc
79%
Mátészalkai Mtk
79%
Szeged Csanád-Grosics Akadémia
79%
Szolnoki MÁV Fc
79%
BKV Előre Sc
75%
Fc Dabas
75%
III.Kerületi Tve
75%
Mosonmagyaróvári Te
75%
Tiszakécske Lc
75%
Fc Sopron
71%
Vls Veszprém
71%
Fc Nagykanizsa
67%
Iváncsa Kse
67%
Kelen Sc
67%
Bicskei Tc
58%
Hatvan Fc
58%
Karcagi Se
58%
Peac
58%
Cigánd Se
54%
Csepel Fc
54%
Balatonfüredi Fc
50%
Érdi Vse
50%
Főnix-Gold Fc
50%
Monor Se
50%
Dunaharaszti Mtk
46%
Gyulai Tfc
46%
Szekszárdi Ufc
46%
Salgótarjáni Btc
42%
Tiszafüred Vse
42%
Sényő Fc
38%
Tiszaújváros Fc
38%
Dunaföldvári Fc
33%
Füzesabony Sc
33%
Gárdonyi Vsc
33%
Hódmezővásárhelyi Fc
33%
Majosi Se
33%
Martfűi Lse
33%
Tiszaföldvár Se
33%
Komáromi Vse
29%
Pénzügyőr Se
29%
Szegedi Vse
25%
Bonyhádi Vlc
21%
Putnok Vse
21%
No matching quizzes found
Score Distribution
Percent of People with Each Score
Percentile by Number Answered
Your Score History
You have not taken this quiz